000 00493nam a2200157 i 4500
001 75430
003 ES-MaACL
005 20230906172441.0
007 t|
008 040924s1937 gw ||||1| ger d
100 1 _aGraf Finckenstein, Ottfríed.
_959509
245 1 4 _aDas harte frühjahr
_b: geschichten un ein dorf /
_cOttfríed Graf Finckenstein.
260 _aJena :
_bDiederichs,
_c[1937] (
_eLeipzig :
_fSpamer Druck)
300 _a162 p. ;
_c19 cm.
852 _aES-MaACL
_jD-5291
_bR.19150
999 _c75430
_d75430